Why not share ? : (Record no. 7427)

MARC details
000 -LEADER
fixed length control field 01042nam a22002537a 4500
001 - CONTROL NUMBER
control field 7427
003 - CONTROL NUMBER IDENTIFIER
control field FISKH
005 - DATE AND TIME OF LATEST TRANSACTION
control field 20250715084102.0
008 - FIXED-LENGTH DATA ELEMENTS--GENERAL INFORMATION
fixed length control field 250715b cb ||||| |||| 00| 0 eng d
020 ## - INTERNATIONAL STANDARD BOOK NUMBER
International Standard Book Number 9781730161865
040 ## - CATALOGING SOURCE
Original cataloging agency FISKH
Language of cataloging eng
Transcribing agency FISKH
Modifying agency FISKH
050 ## - LIBRARY OF CONGRESS CALL NUMBER
Classification number PZ7
082 ## - DEWEY DECIMAL CLASSIFICATION NUMBER
Classification number 173.9
100 ## - MAIN ENTRY--PERSONAL NAME
Personal name Prakash, Ved
245 ## - TITLE STATEMENT
Title Why not share ? :
Remainder of title Character-building stories for children /
Statement of responsibility, etc. Conceived by Ved Prakash
260 ## - PUBLICATION, DISTRIBUTION, ETC.
Place of publication, distribution, etc. New Delhi :
Name of publisher, distributor, etc. Dreamland Publications,
Date of publication, distribution, etc. 2015.
300 ## - PHYSICAL DESCRIPTION
Extent 24 pages :
Other physical details color illustrations ;
Dimensions 28 cm
505 ## - FORMATTED CONTENTS NOTE
Formatted contents note K<br/>
520 ## - SUMMARY, ETC.
Summary, etc. Designed and compiled keeping young kids in view lessons learnt through these interesting stories will definitely help children become confident citizens. Nice illustrations add beauty to each story that also guides young learners on the path of righteousness. It is an excellent resource for character-conscious kids.
521 8# - TARGET AUDIENCE NOTE
Target audience note 510<br/><br/>
Source Lexile estimate<br/>
521 8# - TARGET AUDIENCE NOTE
Target audience note K<br/>
Source Raz-Plus<br/>
650 ## - SUBJECT ADDED ENTRY--TOPICAL TERM
Topical term or geographic name entry element Islam
Form subdivision stories
General subdivision Koran
Chronological subdivision MORAL
942 ## - ADDED ENTRY ELEMENTS (KOHA)
Source of classification or shelving scheme Dewey Decimal Classification
Koha item type Books
Suppress in OPAC No
Holdings
Withdrawn status Lost status Source of classification or shelving scheme Damaged status Not for loan Collection Home library Current library Shelving location Date acquired Total Checkouts Full call number Barcode Date last seen Copy number Price effective from Koha item type
    Dewey Decimal Classification     Juvenile Fiction Footprints International School Library Network Toul Kork Campus Footprints International School Library Network Toul Kork Campus TK Primary Library Room(4th Floor), Bookcase 3&4, Shelves 17-32, Yellow Books 07/15/2025   PRA 173.9 PZ7 2025-1856 07/15/2025 1 07/15/2025 Books